| 000 | 00807pam a2200277 a 4500 | ||
|---|---|---|---|
| 001 | 1035180 | ||
| 003 | OSt | ||
| 005 | 20140310182045.0 | ||
| 008 | 890310s1989 nyu 000 0 eng | ||
| 010 | _a 89006555 | ||
| 020 |
_a0451628543 : _c$19.95 |
||
| 040 |
_aDLC _cDLC _dDLC |
||
| 050 | 0 | 0 |
_aHX 44 _b.H35 1990 |
| 082 | 0 | 0 |
_aHS 320.531 _bH23 1989 |
| 100 | 1 |
_aHarrington, Michael _d1928-1989. _911485 |
|
| 245 | 1 | 0 |
_aSocialism : _bpast and future / _cMichael Harrington. |
| 250 | _a1st ed. | ||
| 260 |
_aNew York : _bMentor, _cc1990. |
||
| 300 |
_a320 p. : _c18 cm. |
||
| 650 | 0 |
_aSocialism _xForecasting. _911486 |
|
| 650 | 0 |
_aSocialism _xHistory. _911487 |
|
| 650 | 0 |
_aTwentieth century _xForecasts. _911488 |
|
| 906 |
_a7 _bcbc _corignew _d1 _eocip _f19 _gy-gencatlg |
||
| 942 |
_2lcc _cHS |
||
| 999 |
_c8851 _d8851 |
||